[Event "5th IT Lukavac 2016"]
[Site "Lukavac"]
[Date "2016.11.27"]
[Round "6.10"]
[White "Obad, Andrija"]
[Black "Harcin, Amer"]
[Result "1-0"]
[WhiteElo "2260"]
[BlackElo "1952"]
[PlyCount "53"]
[EventDate "2016.11.24"]

1. e4 c6 2. d4 d5 3. f3 dxe4 4. fxe4 e5 5. Nf3 exd4 6. Bc4 Bd6 7. O-O f6 8. e5
Be7 9. exf6 Nxf6 10. Ng5 Rf8 11. Qd3 Nd5 12. Qxh7 Rxf1+ 13. Bxf1 Bxg5 14. Qg6+
Kf8 15. Bxg5 Nf6 16. Nd2 Qe8 17. Qd3 c5 18. Qg3 Bf5 19. Bxf6 gxf6 20. Re1 Qd7
21. Bc4 Bh7 22. Qf4 Kg7 23. Qg3+ Bg6 24. Bd3 Qf7 25. Bxg6 Qxg6 26. Re7+ Kh6 27.
Qh4+ 1-0

[Event "5th IT Lukavac 2016"]
[Site "Lukavac"]
[Date "2016.11.27"]
[Round "6.11"]
[White "Aleksic, Neven"]
[Black "Mahmutbegovic, Muharem"]
[Result "1/2-1/2"]
[WhiteElo "2131"]
[BlackElo "1843"]
[PlyCount "64"]
[EventDate "2016.11.24"]

1. d4 Nf6 2. c4 g6 3. Nc3 Bg7 4. e4 d6 5. Nf3 O-O 6. Be2 Na6 7. O-O e5 8. Be3
Qe8 9. Nd2 Ng4 10. Bxg4 exd4 11. Bxc8 Rxc8 12. Bxd4 Bxd4 13. Rc1 c6 14. Qe2 Nc5
15. b4 Ne6 16. Qd3 Qd8 17. Nf3 Bg7 18. Ne2 Qe7 19. Rfd1 Rcd8 20. Qe3 Rfe8 21.
Ng3 c5 22. bxc5 dxc5 23. Rd5 Nd4 24. Rd1 b6 25. h3 Rxd5 26. cxd5 Qd6 27. Qd3
Qf4 28. Nxd4 Bxd4 29. Qf3 Qe5 30. Qd3 Qf4 31. Qf3 Qe5 32. Qd3 Qf4 1/2-1/2

[Event "5th IT Lukavac 2016"]
[Site "Lukavac"]
[Date "2016.11.27"]
[Round "6.12"]
[White "Selimovic, Amir"]
[Black "Markovic, Dino"]
[Result "0-1"]
[WhiteElo "1937"]
[BlackElo "2065"]
[PlyCount "118"]
[EventDate "2016.11.24"]

1. d4 Nf6 2. c4 e6 3. Nc3 d5 4. cxd5 exd5 5. Bg5 c6 6. e3 Bd6 7. Bd3 O-O 8. Qc2
h6 9. Bh4 Re8 10. Nf3 Nbd7 11. O-O Nf8 12. Rab1 a5 13. a3 Bg4 14. Nd2 Bh5 15.
Bg3 Bxg3 16. hxg3 Bg6 17. Bxg6 Nxg6 18. b4 axb4 19. axb4 h5 20. Nf3 b5 21. Qf5
Qd7 22. Qxd7 Nxd7 23. Nd2 Nb6 24. Ra1 Na4 25. Ra3 Nxc3 26. Rxc3 Ne7 27. Nf3 f6
28. Ne1 Ra4 29. Nd3 Rea8 30. Rfc1 Kf7 31. Kf1 Ra3 32. Nc5 Rxc3 33. Rxc3 Ra1+
34. Ke2 Ra2+ 35. Kf1 g5 36. Nb3 Ke6 37. Na5 Kd7 38. Nb7 Nf5 39. Na5 Ne7 40. Nb7
Nf5 41. Na5 Nd6 42. Nxc6 Rxf2+ 43. Kxf2 Ne4+ 44. Kf3 Nxc3 45. Nb8+ Kd6 46. Na6
g4+ 47. Kf4 Ne2+ 48. Kf5 Nxg3+ 49. Kf4 Ne4 50. g3 Nc3 51. Kf5 Ne2 52. Kxf6 h4
53. gxh4 g3 54. h5 g2 55. h6 g1=Q 56. h7 Qh2 57. Kg7 Qg3+ 58. Kf7 Qh4 59. Kg8
Qg5+ 0-1

[Event "5th IT Lukavac 2016"]
[Site "Lukavac"]
[Date "2016.11.27"]
[Round "6.13"]
[White "Kaplan, Ebru"]
[Black "Pasalic, Adnan"]
[Result "1/2-1/2"]
[WhiteElo "1954"]
[BlackElo "2027"]
[PlyCount "160"]
[EventDate "2016.11.24"]

1. e4 e5 2. Nf3 Nf6 3. Nc3 Nc6 4. Bb5 a6 5. Ba4 b5 6. Bb3 Be7 7. d3 d6 8. h3
Na5 9. O-O O-O 10. Re1 Bb7 11. Bd2 Nxb3 12. axb3 c5 13. Ne2 Nd7 14. Ng3 g6 15.
Bh6 Re8 16. Qd2 Bf6 17. Nf1 Bg7 18. N1h2 f5 19. g3 Nf8 20. Nh4 Qf6 21. Bg5 Qf7
22. Bh6 Ne6 23. Bxg7 Kxg7 24. c3 Rf8 25. Rad1 f4 26. N4f3 Rad8 27. c4 Rb8 28.
Rf1 Bc8 29. Kg2 Qd7 30. g4 h5 31. Rh1 Nd4 32. Nxd4 cxd4 33. f3 Qe7 34. Qf2 Be6
35. Ra1 Rb6 36. Ra2 Rfb8 37. Rha1 Bc8 38. Nf1 bxc4 39. bxc4 Rb3 40. Rd1 hxg4
41. hxg4 Qg5 42. Rd2 R3b6 43. Ra5 Be6 44. Nh2 Rh8 45. c5 dxc5 46. Rxc5 Kf6 47.
Rc7 Qh6 48. Kg1 Qh3 49. Qg2 Qxg2+ 50. Kxg2 Rhb8 51. Rcc2 Bb3 52. Rc5 Ba4 53.
g5+ Kxg5 54. Rxe5+ Kh4 55. Nf1 Rxb2 56. Kf2 Rxd2+ 57. Nxd2 Rb2 58. Ke2 g5 59.
Rf5 Rb5 60. Rf6 a5 61. Rh6+ Kg3 62. Nf1+ Kg2 63. Nd2 Bc2 64. Rg6 a4 65. Nc4 Bb3
66. e5 Bxc4 67. Rxg5+ Kh3 68. dxc4 Ra5 69. Kd3 a3 70. Rg1 Rxe5 71. Kxd4 Ra5 72.
c5 a2 73. Ra1 Kg3 74. c6 Ra7 75. Kc5 Kxf3 76. Kb6 Ra3 77. c7 Rb3+ 78. Ka7 Rc3
79. Kb8 Rb3+ 80. Ka8 Rc3 1/2-1/2

[Event "5th IT Lukavac 2016"]
[Site "Lukavac"]
[Date "2016.11.27"]
[Round "6.15"]
[White "Zenelaj, Fisnik"]
[Black "Omanovic, Vahidin"]
[Result "0-1"]
[WhiteElo "1934"]
[BlackElo "2002"]
[PlyCount "74"]
[EventDate "2016.11.24"]

1. e4 b6 2. d4 Bb7 3. Bd3 e6 4. Be3 Nf6 5. Nd2 c5 6. c3 cxd4 7. cxd4 Bb4 8. f3
Nc6 9. a3 Be7 10. Ne2 O-O 11. O-O d5 12. e5 Nd7 13. b4 f5 14. b5 Na5 15. Nf4
Kf7 16. Bxf5 exf5 17. e6+ Kg8 18. exd7 Qxd7 19. Nd3 Qxb5 20. Ne5 Rac8 21. f4
Nc4 22. Ndxc4 dxc4 23. Qh5 Qd5 24. Rf3 c3 25. Rg3 c2 26. Rc1 Rc3 27. Qe2 Qe4
28. Qd2 Rfc8 29. d5 Qxd5 30. Qe2 Bxa3 31. Qh5 Bf8 32. Qe2 g6 33. h4 Rxe3 34.
Rxe3 Bc5 35. Nf3 Re8 36. Rxc2 Rxe3 37. Rxc5 Rxe2 0-1

[Event "5th IT Lukavac 2016"]
[Site "Lukavac"]
[Date "2016.11.27"]
[Round "6.16"]
[White "Cabric, Izet"]
[Black "Salkic, Mahir"]
[Result "0-1"]
[WhiteElo "1933"]
[BlackElo "2151"]
[PlyCount "88"]
[EventDate "2016.11.24"]

1. e4 d6 2. d4 Nf6 3. Bd3 g6 4. c4 Bg7 5. Nc3 Nc6 6. Nge2 O-O 7. O-O e5 8. d5
Nb4 9. Bb1 a5 10. h3 c6 11. Be3 cxd5 12. cxd5 Nh5 13. a3 Na6 14. Na4 f5 15.
exf5 gxf5 16. Nec3 Qh4 17. Kh2 f4 18. Bc1 f3 19. Qd3 Bf5 20. Ne4 fxg2 21. Kxg2
Bxe4+ 22. Qxe4 Nf4+ 23. Bxf4 Rxf4 24. Qd3 Rxa4 25. Qf5 Nc5 26. b4 Rf8 27. Qxh7+
Qxh7 28. Bxh7+ Kxh7 29. bxc5 dxc5 30. Rab1 Rf7 31. Rfc1 c4 32. Rb6 e4 33. Re6
c3 34. d6 Rd7 35. Re7 Rxd6 36. Rxc3 b5 37. Re3 Rd3 38. R7xe4 Rdxa3 39. Re7 Rxe3
40. fxe3 b4 41. Rb7 Ra3 42. Kf2 b3 43. Ke2 b2 44. e4 Ra1 0-1

[Event "5th IT Lukavac 2016"]
[Site "Lukavac"]
[Date "2016.11.27"]
[Round "6.17"]
[White "Huremovic, Elmedin"]
[Black "Sadikovic, Jasmin"]
[Result "0-1"]
[WhiteElo "1899"]
[BlackElo "2128"]
[PlyCount "58"]
[EventDate "2016.11.24"]

1. e4 c5 2. Nf3 d6 3. d4 cxd4 4. Nxd4 Nf6 5. Nc3 a6 6. Bd3 e5 7. Nf3 Be7 8. O-O
O-O 9. h3 h6 10. Be3 Be6 11. Qd2 Nbd7 12. a3 b5 13. b4 Nb6 14. a4 Nc4 15. Qe2
Qd7 16. Nd2 Rfc8 17. Bxc4 Bxc4 18. Nxc4 Rxc4 19. Qd3 Rac8 20. Bd2 Rd4 21. Qe3
Rxb4 22. axb5 axb5 23. Ra7 Rc7 24. Rfa1 Rbc4 25. Qd3 Rxa7 26. Rxa7 Qxa7 27.
Nxb5 Qc5 28. Qb3 Nxe4 29. Be3 Qb4 0-1

[Event "5th IT Lukavac 2016"]
[Site "Lukavac"]
[Date "2016.11.27"]
[Round "6.18"]
[White "Selimovic, Mahir"]
[Black "Halilovic, Fahrudin"]
[Result "0-1"]
[WhiteElo "1930"]
[BlackElo "2092"]
[PlyCount "78"]
[EventDate "2016.11.24"]

1. e4 d5 2. exd5 Nf6 3. Nf3 Qxd5 4. h3 Nc6 5. c3 e5 6. d4 e4 7. Nh2 h5 8. Be3
Bf5 9. Nd2 O-O-O 10. Bc4 Qd7 11. Qb3 Na5 12. Qc2 Nxc4 13. Nxc4 Nd5 14. O-O-O f6
15. Nf1 b5 16. Na5 c6 17. Ng3 Nxe3 18. fxe3 Bg6 19. c4 Qc7 20. cxb5 Qxa5 21.
bxc6 Qxa2 22. Ne2 Bb4 23. Nc3 Qa1+ 24. Nb1 Qa6 25. d5 Qb6 26. Qb3 Bf7 27. Qc4
Qxe3+ 28. Kc2 Qc5 29. Qxc5 Bxc5 30. Nc3 e3 31. Kb3 Kc7 32. Kc4 Bb6 33. Ra1 Kd6
34. Rhe1 Ke5 35. Rad1 Rd6 36. c7 Rc8 37. Nb5 Rxd5 38. Rxd5+ Bxd5+ 39. Kd3 a6
0-1

[Event "5th IT Lukavac 2016"]
[Site "Lukavac"]
[Date "2016.11.27"]
[Round "6.19"]
[White "Coric, Ahmed"]
[Black "Gavranovic, Tahir"]
[Result "1/2-1/2"]
[WhiteElo "2081"]
[BlackElo "1875"]
[PlyCount "96"]
[EventDate "2016.11.24"]

1. e4 g6 2. d4 Bg7 3. Nc3 d6 4. Be2 c6 5. h4 h5 6. a4 a5 7. Be3 Na6 8. Qd2 Nb4
9. Nh3 Nf6 10. f3 Qc7 11. Kf2 Bd7 12. Ng5 Rb8 13. Na2 Nxa2 14. Rxa2 b6 15. c4
c5 16. b3 Rd8 17. Raa1 e5 18. d5 Bc8 19. Rag1 Qe7 20. g3 Kd7 21. Ra1 Ke8 22. b4
axb4 23. a5 bxa5 24. Rxa5 Bb7 25. Rha1 Qc7 26. Qa2 Ke7 27. Qa4 Ra8 28. Qb5 Rxa5
29. Rxa5 Ra8 30. Rxa8 Bxa8 31. Bd1 Qb7 32. Qa5 b3 33. Bxb3 Qxb3 34. Qxa8 Qc2+
35. Kg1 Qxc4 36. Qb7+ Nd7 37. Nxf7 Qe2 38. Bf2 Qxf3 39. Ng5 Qd1+ 40. Kg2 Qc2
41. Qc8 Bh6 42. Kf3 Bxg5 43. hxg5 Qd1+ 44. Ke3 Qc2 45. Qg8 Qc3+ 46. Ke2 Qc2+
47. Kf3 Qd3+ 48. Be3 Qf1+ 1/2-1/2

[Event "5th IT Lukavac 2016"]
[Site "Lukavac"]
[Date "2016.11.27"]
[Round "6.20"]
[White "Imamovic, Samir"]
[Black "Zupcevic, Nedim"]
[Result "1/2-1/2"]
[WhiteElo "1898"]
[BlackElo "2080"]
[PlyCount "61"]
[EventDate "2016.11.24"]

1. e4 e5 2. Nf3 Nc6 3. Bc4 Be7 4. c3 Nf6 5. d3 d5 6. exd5 Nxd5 7. Qb3 Na5 8.
Qa4+ c6 9. b4 Nxc4 10. dxc4 Nb6 11. Qb3 Qd3 12. c5 Nc4 13. Qd1 Bf5 14. Qxd3
Bxd3 15. Nbd2 Bf6 16. Nxc4 Bxc4 17. Be3 h6 18. a3 O-O 19. O-O-O a5 20. Nd2 Be2
21. Rde1 Bd3 22. Kb2 a4 23. f3 Rad8 24. Ne4 Bxe4 25. fxe4 Rd3 26. Kc2 Rfd8 27.
Bc1 Kh7 28. Rd1 Rxd1 29. Rxd1 Kg6 30. Rxd8 Bxd8 31. Kd3 1/2-1/2

[Event "5th IT Lukavac 2016"]
[Site "Lukavac"]
[Date "2016.11.27"]
[Round "6.21"]
[White "Kasumovic, Muhidin"]
[Black "Lapo, Safet"]
[Result "0-1"]
[WhiteElo "2044"]
[BlackElo "1799"]
[PlyCount "86"]
[EventDate "2016.11.24"]

1. e4 d5 2. exd5 Qxd5 3. Nc3 Qa5 4. Bc4 Bf5 5. d3 c6 6. Nf3 Nf6 7. Bf4 e6 8. a3
Qd8 9. h3 Be7 10. Qd2 h6 11. Bb3 Bd6 12. Be3 Qc7 13. Ne2 Nbd7 14. O-O-O Nd5 15.
Bd4 e5 16. Be3 f6 17. Ng3 Bh7 18. Qe2 Nxe3 19. fxe3 O-O-O 20. e4 Bg8 21. Nd2
Bxb3 22. Nxb3 Kb8 23. Rhf1 a5 24. Nh5 Rhg8 25. Rf3 a4 26. Nd2 b5 27. Qf2 Nb6
28. Rf1 Kb7 29. Rg3 Qf7 30. Qe2 Be7 31. Re3 Qa2 32. Nb1 b4 33. axb4 Bxb4 34. c3
Bc5 35. Ref3 a3 36. Qc2 Qf7 37. b4 a2 38. Qb2 axb1=Q+ 39. Qxb1 Be7 40. g4 Ra8
41. Kb2 Ra4 42. d4 Rga8 43. d5 Nc4+ 0-1

[Event "5th IT Lukavac 2016"]
[Site "Lukavac"]
[Date "2016.11.27"]
[Round "6.22"]
[White "Osmanbegovic, Avdo"]
[Black "Karlovic, Zvonimir"]
[Result "0-1"]
[WhiteElo "2027"]
[BlackElo "1873"]
[PlyCount "110"]
[EventDate "2016.11.24"]

1. e4 e5 2. Nf3 Nf6 3. Nc3 Nc6 4. Bb5 Nd4 5. Ba4 Nxf3+ 6. Qxf3 c6 7. d3 Bb4 8.
a3 Bxc3+ 9. bxc3 Qa5 10. Bd2 Qxa4 11. Qg3 Rg8 12. Qxe5+ Kd8 13. O-O Qb5 14. Qg3
Qh5 15. e5 Nd5 16. c4 Qe2 17. Rad1 Ne7 18. f4 g6 19. Rde1 Qxd2 20. Rc1 Nf5 21.
Qg5+ Kc7 22. Rfd1 h6 23. Qf6 Qxf4 24. Qxf7 Nd4 25. Qxg8 Ne2+ 26. Kh1 Nxc1 27.
Qxg6 Ne2 28. d4 Nc3 29. Qd6+ Kd8 30. Re1 Ne4 31. Qb4 Nf2+ 32. Kg1 Ng4 33. Qc3
Qxh2+ 34. Kf1 Qh1+ 35. Ke2 Qxg2+ 36. Kd1 b6 37. Kc1 Ba6 38. e6 dxe6 39. Rxe6
Qf1+ 40. Re1 Qxc4 41. Qf3 Rc8 42. Qxg4 Qd5 43. Qd1 Kc7 44. Re5 Qd6 45. Qf3 Rd8
46. Qg3 Bc4 47. a4 Rd7 48. a5 Kb7 49. Qh3 Qxd4 50. Kb1 Qd1+ 51. Kb2 Qd4+ 52.
Qc3 Qxc3+ 53. Kxc3 b5 54. Kb4 a6 55. Kc5 Rd5+ 0-1

[Event "5th IT Lukavac 2016"]
[Site "Lukavac"]
[Date "2016.11.27"]
[Round "6.23"]
[White "Alic, Amir"]
[Black "Yurdakul, Didem Nuray"]
[Result "1-0"]
[WhiteElo "1998"]
[BlackElo "1562"]
[PlyCount "69"]
[EventDate "2016.11.24"]

1. Nf3 d5 2. g3 c6 3. Bg2 Nf6 4. b3 Bg4 5. Ne5 Bh5 6. Ba3 Nbd7 7. Nf3 Bxf3 8.
Bxf3 e5 9. Bb2 Bd6 10. c4 O-O 11. cxd5 cxd5 12. O-O Nb6 13. Nc3 Qd7 14. d3 Rac8
15. a3 a6 16. Qd2 Rc7 17. Rfc1 Rfc8 18. Bg2 d4 19. Ne4 Nfd5 20. Rxc7 Rxc7 21.
e3 dxe3 22. fxe3 f6 23. d4 exd4 24. Bxd4 Be5 25. Rd1 Qe7 26. Bc5 Qe8 27. b4 Rd7
28. Bh3 Rc7 29. Qa2 Kh8 30. Rxd5 Nxd5 31. Qxd5 g6 32. Nd6 Bxd6 33. Qxd6 Rc6 34.
Qd4 Kg8 35. Bd7 1-0

[Event "5th IT Lukavac 2016"]
[Site "Lukavac"]
[Date "2016.11.27"]
[Round "6.24"]
[White "Pozegic, Semso"]
[Black "Mulic, Sulejman"]
[Result "1-0"]
[WhiteElo "1873"]
[BlackElo "1937"]
[PlyCount "49"]
[EventDate "2016.11.24"]

1. e4 e6 2. d4 d5 3. exd5 exd5 4. Bd3 Bd6 5. Nf3 Ne7 6. O-O O-O 7. c3 Bf5 8.
Bg5 f6 9. Bh4 c6 10. Qe2 Qd7 11. Re1 Bxd3 12. Qxd3 Na6 13. b4 Nc7 14. Nbd2 a5
15. a3 Rfe8 16. Nb3 a4 17. Nc5 Qc8 18. Qc2 b5 19. Nd3 Qf5 20. Re2 g5 21. Bg3
Bxg3 22. hxg3 Ng6 23. Rae1 Kf7 24. Nde5+ Rxe5 25. Nxe5+ 1-0

[Event "5th IT Lukavac 2016"]
[Site "Lukavac"]
[Date "2016.11.27"]
[Round "6.25"]
[White "Lipovcic, Marko"]
[Black "Nalic, Ahmet"]
[Result "0-1"]
[WhiteElo "1325"]
[BlackElo "2019"]
[PlyCount "156"]
[EventDate "2016.11.24"]

1. e4 c5 2. Nf3 Nc6 3. Bb5 a6 4. Bxc6 dxc6 5. c4 Qc7 6. d4 cxd4 7. Nxd4 e5 8.
Ne2 Nf6 9. Nbc3 Be6 10. b3 Be7 11. O-O O-O 12. f4 exf4 13. Bxf4 Qb6+ 14. Kh1
Ng4 15. Qe1 Rad8 16. Qg3 Qc5 17. e5 h5 18. h3 h4 19. Qe1 Nh6 20. Ne4 Qb4 21.
Qxb4 Bxb4 22. Bxh6 gxh6 23. Nf6+ Kh8 24. Rf4 Bd2 25. Rxh4 Bg5 26. Rd4 c5 27.
Rdd1 b5 28. cxb5 axb5 29. Nc3 Bf4 30. Rxd8 Rxd8 31. Rd1 Rxd1+ 32. Nxd1 Bxe5 33.
Ne4 Bd4 34. Ndc3 f5 35. Nxc5 Bxc5 36. Nxb5 Kg7 37. Kh2 f4 38. Nc3 Be3 39. Nd1
Kf6 40. g3 Ke5 41. gxf4+ Bxf4+ 42. Kg2 Kd4 43. Kf3 Bg5 44. Nf2 Bf5 45. b4 Kc4
46. a3 Bc1 47. Ng4 h5 48. Kg3 hxg4 49. hxg4 Bg6 50. Kh4 Bd2 51. Kg3 Kb5 52. Kf3
Ka4 53. Ke2 Bc1 54. Kd1 Bxa3 55. Kd2 Kxb4 56. Ke3 Bc1+ 57. Kd4 Bb2+ 58. Kd5 Bg7
59. g5 Kc3 60. Ke6 Kd4 61. Kd6 Ke4 62. Kc5 Kf5 63. Kd5 Kxg5 64. Kd6 Kf5 65. Kd5
Bf7+ 66. Kc5 Ke5 67. Kc6 Be6 68. Kc5 Bf8+ 69. Kb5 Kd5 70. Kb6 Kc4 71. Kc6 Bc5
72. Kb7 Kb5 73. Kc7 Be7 74. Kb7 Bd6 75. Ka8 Kc6 76. Ka7 Bc4 77. Ka8 Kc7 78. Ka7
Bc5+ 0-1

[Event "5th IT Lukavac 2016"]
[Site "Lukavac"]
[Date "2016.11.27"]
[Round "6.26"]
[White "Mujacic, Haris"]
[Black "Mujcinovic, Muharem"]
[Result "1-0"]
[WhiteElo "1947"]
[BlackElo "1780"]
[PlyCount "103"]
[EventDate "2016.11.24"]

1. d4 d5 2. Bf4 Nf6 3. e3 Bf5 4. c4 dxc4 5. Nc3 Bd3 6. Bxd3 cxd3 7. Qxd3 c6 8.
Nf3 e6 9. O-O Bd6 10. Bg5 Be7 11. e4 h6 12. Bf4 O-O 13. Rfd1 Nbd7 14. Rac1 Nb6
15. Qe2 Re8 16. h3 Rc8 17. a3 Nh7 18. b4 Nf6 19. Qa2 Rf8 20. Qb3 Na8 21. Ne5
Nd7 22. Nd3 Bg5 23. Bxg5 Qxg5 24. f4 Qg3 25. Qc2 Rcd8 26. Qf2 Qxf2+ 27. Kxf2
Nf6 28. e5 Nd5 29. Nxd5 Rxd5 30. Nc5 Rb8 31. Ke3 Nc7 32. g4 Rdd8 33. f5 exf5
34. gxf5 a5 35. bxa5 Re8 36. Kd3 Nd5 37. Rb1 b5 38. axb6 Rxb6 39. Rxb6 Nxb6 40.
Rb1 Nd5 41. a4 Ra8 42. Ra1 Nf4+ 43. Kc4 Nd5 44. a5 Ne3+ 45. Kd3 Nxf5 46. a6 Ne7
47. Kc4 Nd5 48. Nd7 Ra7 49. Kc5 g5 50. Nf6+ Kf8 51. Nxd5 cxd5 52. Kb6 1-0

[Event "5th IT Lukavac 2016"]
[Site "Lukavac"]
[Date "2016.11.27"]
[Round "6.27"]
[White "Muhibic, Cazim"]
[Black "Uysal, Ugur"]
[Result "0-1"]
[WhiteElo "1931"]
[BlackElo "1532"]
[PlyCount "82"]
[EventDate "2016.11.24"]

1. Nf3 Nf6 2. b3 g6 3. Bb2 Bg7 4. e4 d6 5. d3 O-O 6. Nbd2 c5 7. Be2 Be6 8. Rb1
Nc6 9. Ng5 Bd7 10. Ngf3 h6 11. O-O Be6 12. h3 Qa5 13. a4 a6 14. Nh2 d5 15. f4
dxe4 16. Nxe4 Nd5 17. Bxg7 Kxg7 18. Qe1 Kh7 19. c4 Ndb4 20. Bd1 Nd4 21. Qc3
Rfd8 22. Nf3 Qc7 23. Nxd4 Rxd4 24. Be2 Bf5 25. Nf2 Rad8 26. Rbd1 Qd6 27. Ne4
Qc7 28. g4 Bxe4 29. dxe4 Rxd1 30. Rxd1 Rxd1+ 31. Bxd1 Qxf4 32. Qf3 Qxf3 33.
Bxf3 Kg7 34. Kf2 Kf6 35. Ke3 Ke5 36. Bd1 a5 37. Bf3 e6 38. g5 h5 39. Be2 Nc2+
40. Kd3 Nd4 41. Bd1 Kf4 0-1

[Event "5th IT Lukavac 2016"]
[Site "Lukavac"]
[Date "2016.11.27"]
[Round "6.28"]
[White "Habibovic, Hazim"]
[Black "Aydin, Gulenay"]
[Result "1-0"]
[WhiteElo "1915"]
[BlackElo "1416"]
[PlyCount "119"]
[EventDate "2016.11.24"]

1. c4 Nf6 2. Nc3 g6 3. d4 Bg7 4. e4 d6 5. Be2 O-O 6. Nf3 c5 7. d5 Bg4 8. h3
Bxf3 9. Bxf3 Na6 10. a3 Nc7 11. O-O Rb8 12. Be2 a6 13. a4 b6 14. f4 Rb7 15. Bd3
Nd7 16. Qe2 Bd4+ 17. Kh1 Kh8 18. Be3 Bxe3 19. Qxe3 h6 20. e5 dxe5 21. fxe5 Kg7
22. Qe4 Rb8 23. Rf3 Qe8 24. Raf1 h5 25. Qf4 Rc8 26. Re3 Qd8 27. Qg3 Qe8 28. Ne2
Rg8 29. Ref3 f6 30. e6 Ne5 31. Re3 Nxd3 32. Rxd3 Qxa4 33. b3 Qe8 34. Nf4 Kh7
35. Qf3 Rd8 36. g4 hxg4 37. hxg4 Rh8 38. Kg2 Kg7 39. Qg3 Rc8 40. d6 exd6 41.
Rxd6 Na8 42. Nh5+ gxh5 43. gxh5+ Kh7 44. Qd3+ Kg8 45. Qg3+ Kh7 46. Rxf6 Rg8 47.
Rd7+ Qxd7 48. exd7 Rxg3+ 49. Kxg3 Rd8 50. Rf7+ Kg8 51. Re7 Nc7 52. h6 Kf8 53.
Rh7 Kg8 54. Rg7+ Kh8 55. Re7 Rf8 56. Kg4 Rd8 57. Kf4 Kg8 58. Ke5 a5 59. Kd6 Kf8
60. h7 1-0

[Event "5th IT Lukavac 2016"]
[Site "Lukavac"]
[Date "2016.11.27"]
[Round "6.31"]
[White "Unkic, Mesud"]
[Black "Sabanagic, Mirza"]
[Result "1-0"]
[WhiteElo "1784"]
[BlackElo "1596"]
[PlyCount "71"]
[EventDate "2016.11.24"]

1. e4 e5 2. Nf3 Nc6 3. Bc4 Nf6 4. d3 Bc5 5. O-O h6 6. Bb3 d6 7. Be3 Bb6 8. Nc3
O-O 9. h3 Ne7 10. Qe2 Be6 11. Nd2 Bxb3 12. axb3 Ng6 13. Nc4 Bxe3 14. Nxe3 Nf4
15. Qf3 Qd7 16. Nf5 Nh7 17. Kh2 Kh8 18. Qg4 Ng6 19. Nxh6 Qc6 20. Nxf7+ Rxf7 21.
Qxg6 Rf6 22. Qg3 a6 23. f4 Raf8 24. f5 Qd7 25. Rf3 g6 26. Nd5 R6f7 27. Qxg6 Rg7
28. Qh6 Rfg8 29. g4 Qf7 30. Raf1 c6 31. Ne3 d5 32. c4 d4 33. Ng2 Re8 34. Nh4
Kg8 35. Ng6 Nf6 36. Qh8# 1-0

[Event "5th IT Lukavac 2016"]
[Site "Lukavac"]
[Date "2016.11.27"]
[Round "6.32"]
[White "Zenelaj, Samuel"]
[Black "Mikic, Ivana"]
[Result "1/2-1/2"]
[WhiteElo "1707"]
[BlackElo "1577"]
[PlyCount "136"]
[EventDate "2016.11.24"]

1. e4 e5 2. Nf3 Nc6 3. Bb5 a6 4. Ba4 Nf6 5. O-O Be7 6. Re1 b5 7. Bb3 O-O 8. c3
d6 9. h3 Nb8 10. d4 Nbd7 11. Nbd2 Bb7 12. Bc2 Re8 13. d5 Bf8 14. Nf1 g6 15. Bg5
Bg7 16. Ng3 Nb6 17. a4 bxa4 18. Bxa4 Nxa4 19. Rxa4 Qd7 20. c4 Kh8 21. b4 c5 22.
bxc5 dxc5 23. Be3 Qd6 24. Qc1 Nd7 25. Nd2 Reb8 26. Ra5 Qc7 27. Qa3 Bf8 28. Ne2
f5 29. f3 f4 30. Bf2 Be7 31. Nc1 Bd8 32. Ndb3 Qc8 33. Nxc5 Bxa5 34. Qxa5 Nxc5
35. Bxc5 Qe8 36. Bd6 Rd8 37. c5 Rd7 38. Nd3 Rxd6 39. cxd6 Rd8 40. Rb1 Bc8 41.
Nxe5 Rxd6 42. Nc6 Qd7 43. Qc3+ Qg7 44. Qxg7+ Kxg7 45. Rd1 Bb7 46. e5 Rxc6 47.
dxc6 Bxc6 48. Rd6 Bb5 49. Kf2 h6 50. Ke1 Bc4 51. Kd2 Bf1 52. Rf6 g5 53. h4 Bxg2
54. hxg5 hxg5 55. Ke2 Bh3 56. Rxa6 Kf7 57. Rf6+ Ke7 58. Rg6 Bf5 59. Rxg5 Ke6
60. Kd2 Kxe5 61. Kc3 Kf6 62. Rxf5+ Kxf5 63. Kd4 Ke6 64. Ke4 Kf7 65. Kxf4 Kf6
66. Kg4 Kg6 67. f4 Kf6 68. f5 Kf7 1/2-1/2

[Event "5th IT Lukavac 2016"]
[Site "Lukavac"]
[Date "2016.11.27"]
[Round "6.34"]
[White "Rakita, Jandrija"]
[Black "Brcaninovic, Enes"]
[Result "1-0"]
[WhiteElo "1544"]
[BlackElo "1650"]
[PlyCount "39"]
[EventDate "2016.11.24"]

1. e4 e5 2. Nf3 Nc6 3. a3 Bc5 4. Bb5 Nge7 5. d3 h6 6. Nc3 d6 7. d4 exd4 8. Nxd4
Bd7 9. Be3 Bb6 10. Nxc6 Nxc6 11. Bxb6 axb6 12. h3 O-O 13. O-O Re8 14. f4 Qe7
15. Qd3 Rad8 16. Nd5 Qxe4 17. Nxc7 Qxd3 18. Bxd3 Re7 19. Nd5 Re4 20. Bxe4 1-0

[Event "5th IT Lukavac 2016"]
[Site "Lukavac"]
[Date "2016.11.27"]
[Round "6.35"]
[White "Hodzic, Mujo"]
[Black "Softic, Kasim"]
[Result "0-1"]
[WhiteElo "1441"]
[BlackElo "1871"]
[PlyCount "80"]
[EventDate "2016.11.24"]

1. d4 d5 2. c4 dxc4 3. e3 e6 4. Nc3 a6 5. Bxc4 c5 6. Nf3 Nf6 7. O-O Be7 8. Qc2
b5 9. Bd3 Nbd7 10. b3 Bb7 11. Ne4 Bxe4 12. Bxe4 Nxe4 13. Qxe4 O-O 14. Qd3 cxd4
15. Nxd4 Nc5 16. Qc3 Rc8 17. Qd2 Bf6 18. Bb2 Qb6 19. Rfd1 Rcd8 20. Qc2 Rc8 21.
Rac1 Qb7 22. Nf3 Na4 23. Qb1 Nxb2 24. Rd2 Rxc1+ 25. Qxc1 Rc8 26. Qb1 Qc7 27. h3
Qc1+ 28. Qxc1 Rxc1+ 29. Kh2 h6 30. Nd4 Bxd4 31. exd4 Nd1 32. f3 Nc3 33. Rd3 Nd5
34. Rd2 a5 35. g4 Kf8 36. Kg3 Ke7 37. h4 g6 38. g5 h5 39. f4 Rc3+ 40. Kg2 Nxf4+
0-1

[Event "5th IT Lukavac 2016"]
[Site "Lukavac"]
[Date "2016.11.27"]
[Round "6.38"]
[White "Peric, Pero"]
[Black "Mutapcic, Nijaz"]
[Result "1-0"]
[WhiteElo "1761"]
[BlackElo "1710"]
[PlyCount "125"]
[EventDate "2016.11.24"]

1. Nf3 f5 2. d4 d6 3. Nc3 Nf6 4. Bg5 Nbd7 5. g3 c6 6. Bg2 a6 7. O-O h6 8. Bd2
g5 9. e3 e5 10. dxe5 dxe5 11. Re1 e4 12. Nd4 Ne5 13. a3 Bd7 14. f3 g4 15. fxe4
fxe4 16. Nxe4 Be7 17. Bc3 Qb6 18. Rf1 Nxe4 19. Bxe4 O-O-O 20. Qe2 Bg5 21. Bf5
Rhe8 22. e4 Nf3+ 23. Rxf3 gxf3 24. Qxf3 Kb8 25. Kg2 c5 26. Nb3 Qc7 27. h4 Be7
28. Re1 Ka7 29. Kh3 Rf8 30. g4 b6 31. Bg7 Rf7 32. Bxh6 Rh8 33. g5 Qe5 34. Rf1
Bd6 35. c3 Qh2+ 36. Kg4 Bb5 37. Rf2 Qe5 38. Nd2 Re8 39. g6 Rg8 40. h5 c4 41.
Bf4 Qf6 42. Bg5 Qh8 43. gxf7 Rxg5+ 44. Kxg5 Qg7+ 45. Bg6 Be7+ 46. Kg4 Bd7+ 47.
Kg3 Bd6+ 48. Kg2 Qe5 49. f8=Q Qh2+ 50. Kf1 Bh3+ 51. Ke2 Qe5 52. Qxh3 b5 53.
Qd7+ Bc7 54. Qxc7+ Qxc7 55. Rf7 Kb6 56. Rxc7 Kxc7 57. e5 Kb6 58. e6 a5 59. e7
b4 60. Nxc4+ Kb5 61. Nxa5 Kxa5 62. cxb4+ Ka4 63. Bc2+ 1-0

[Event "5th IT Lukavac 2016"]
[Site "Lukavac"]
[Date "2016.11.27"]
[Round "7.1"]
[White "Trkulja, Goran"]
[Black "Vajic, Goran"]
[Result "0-1"]
[WhiteElo "2301"]
[BlackElo "2295"]
[PlyCount "50"]
[EventDate "2016.11.24"]

1. Nf3 Nf6 2. c4 e6 3. e3 d5 4. b3 Bd6 5. Bb2 Nbd7 6. Qc2 c6 7. d4 Ne4 8. Bd3
f5 9. O-O O-O 10. Ne5 Nxe5 11. dxe5 Be7 12. cxd5 exd5 13. Nd2 Be6 14. f3 Nxd2
15. Qxd2 Qb6 16. f4 a5 17. Bc3 Rfd8 18. Kh1 Bb4 19. Rac1 d4 20. exd4 Qxd4 21.
Rfd1 Bxc3 22. Rxc3 a4 23. Rc4 Qxd3 24. Qxd3 Rxd3 25. Rxd3 axb3 0-1

[Event "5th IT Lukavac 2016"]
[Site "Lukavac"]
[Date "2016.11.27"]
[Round "7.2"]
[White "Mrndjic, Muamer"]
[Black "Budimir, Boris"]
[Result "1-0"]
[WhiteElo "2257"]
[BlackElo "2245"]
[PlyCount "99"]
[EventDate "2016.11.24"]

1. d4 Nf6 2. Nf3 e6 3. c4 d5 4. Bg5 Be7 5. Nc3 O-O 6. e3 Nbd7 7. Qb3 c5 8. Be2
cxd4 9. exd4 dxc4 10. Bxc4 Nb6 11. Be2 Nbd5 12. O-O b6 13. Ne5 Bb7 14. Bf3 Rc8
15. Rfe1 Qd6 16. Bxf6 Bxf6 17. Nb5 Qe7 18. Nxa7 Ra8 19. Nac6 Qd6 20. Bxd5 exd5
21. Nb4 Rfc8 22. a3 Be7 23. Qf3 f6 24. Ned3 Rc4 25. Qe3 Bf8 26. Rad1 Qd7 27. h3
Rd8 28. Rc1 Rdc8 29. Rcd1 Rd8 30. Na2 Bd6 31. Rd2 Qf5 32. Nac1 Bc6 33. Ne2 Re8
34. Qf3 Qxf3 35. gxf3 Bd7 36. Kg2 Bf5 37. Rdd1 Bxd3 38. Rxd3 Rc2 39. Kf1 Rxb2
40. Nc3 Rc8 41. Re6 Bxa3 42. Nxd5 Bf8 43. Rxb6 Ra2 44. Ne3 f5 45. f4 Rc1+ 46.
Kg2 g6 47. Rb8 Kf7 48. Rb7+ Ke8 49. Rdb3 Bd6 50. Rxh7 1-0